| 000 | 01667nam a2200253 4500 | ||
|---|---|---|---|
| 005 | 20160912140556.0 | ||
| 008 | 160912s2012 ck |||fr|||| 001 0 spa d | ||
| 040 |
_cSandra Yazo _dSandra Yazo |
||
| 041 | 0 | _aspa | |
| 082 | 0 | 4 |
_220 _a986.17 |
| 092 | _aE63N066 | ||
| 100 | 1 |
_aGómez López, Augusto Javier _979935 |
|
| 245 | 1 | 0 |
_aFuentes documentales para la historia de la Amazonía colombiana _bVolumen I (1597 - 1844) _cAugusto Javier Gómez López ; Gabriel Cabrera Becerra |
| 260 |
_aBogotá (Colombia) _bUniversidad Nacional del Colombia. Facultad de ciencias humanas _bArchivo General de la Nación _c2012 |
||
| 300 |
_a480 páginas _c28 x 21 cm |
||
| 500 | _aDetalles físicos: Encuadernación flexible en cartulina, tapas con datos de publicación. Portada sencilla. Texto impreso en una sola columna. Algunos cuadros entre el texto | ||
| 505 | 0 | _aA propósito de la Amazonía y las fuentes documentales primarias ; Fragmentos para una historia de la estructuración político – administrativa de la Amazonía colombiana ; Archivo General de Indicas de Sevilla ; Archivo central del Cauca ; Archivo del Ministerio de Relaciones Exteriores de la República del Ecuador. Quito – Cancillería del Ecuador – Documentos coloniales ; Archivo Nacional de Ecuador. Quito – Documentos coloniales ; Arquidiócesis de Popayán Archivo histórico. Documentos coloniales y republicanos | |
| 506 | _aConsulta en sala | ||
| 651 | 4 |
_aAmazonas (Colombia) _xHistoria _979936 |
|
| 651 | 4 |
_aAmazonas (Colombia) _xFuentes _979937 |
|
| 690 |
_aHistoria de Colombia _926508 |
||
| 700 | 1 |
_aCabrera Becerra, Gabriel _954239 |
|
| 942 |
_cLIBRO _2LOCAL _e1 _hE63N066 |
||
| 999 |
_c304614 _d304614 |
||